The complete guide to writing biographies

Bibliographic Details
Main Author: Schwarz, Ted
Format: Book
Published: Ohio : Writer's Digest Books , 1990
Subjects:

MARC

LEADER 00000cam a2200000 7i4500
001 0000001206
002 000001330
005 20000330.0
020 |a 0898794072 
090 0 0 |a 809.93592   |b SCH 
100 1 |a Schwarz, Ted 
245 1 4 |a The complete guide to writing biographies   |c Ted Schwarz 
260 |a Ohio :   |b Writer's Digest Books ,   |c 1990 
300 |a 192p. ;   |c 24cm. 
650 0 0 |a Biography 
999 |a 030629   |b BUKU   |c PINJAMAN   |e PERPUSTAKAAN KOMUNITI PETALING JAYA